000 01043nam a2200313 4500
003 OSt
005 20260530115303.0
008 260421b20002002xxu |||| |||| 00| 0 eng d
020 _a9780316316965
_qempastado
020 _a9780316346627
_qrústica
020 _a0316316962
_qempastado
020 _a0316346624
_qrústica
040 _aICI
_bspa
_cICI
050 _aHM1033
_bG565
100 1 _a Gladwell, Malcolm,
_d1963-
245 1 4 _aThe tipping point :
_bhow little things can make a big difference /
_cMalcolm Gladwell ; with a new afterword by the author
250 _aFirts Back Bay paperback edition
264 1 _bBack Bay Books,
_c2002
_aNew York :
300 _a301 páginas
_c21cm.
336 _atexto
_2rdacontent
337 _asin medio
_2rdamedia
338 _avolumen
_2rdacarrier
490 0 _aNational bestseller ;
_v1
650 0 _aPsicología social
_931491
650 0 _aContagio (Psicología social)
_931492
650 0 _aCausalidad
_931493
650 0 _aEfectos del contexto (Psicología)
_931494
942 _2lcc
_cBK
999 _c12942
_d12942